<?xml version="1.0" encoding="UTF-8"?><?xml-stylesheet type="text/xsl" href="static/style.xsl"?><OAI-PMH xmlns="http://www.openarchives.org/OAI/2.0/" xmlns:xsi="http://www.w3.org/2001/XMLSchema-instance" xsi:schemaLocation="http://www.openarchives.org/OAI/2.0/ http://www.openarchives.org/OAI/2.0/OAI-PMH.xsd"><responseDate>2026-04-14T07:53:00Z</responseDate><request verb="GetRecord" identifier="oai:www.recercat.cat:2445/127711" metadataPrefix="marc">https://recercat.cat/oai/request</request><GetRecord><record><header><identifier>oai:recercat.cat:2445/127711</identifier><datestamp>2025-12-04T19:38:17Z</datestamp><setSpec>com_2072_1057</setSpec><setSpec>col_2072_478813</setSpec><setSpec>col_2072_478917</setSpec></header><metadata><record xmlns="http://www.loc.gov/MARC21/slim" xmlns:dcterms="http://purl.org/dc/terms/" xmlns:xsi="http://www.w3.org/2001/XMLSchema-instance" xmlns:doc="http://www.lyncode.com/xoai" xsi:schemaLocation="http://www.loc.gov/MARC21/slim http://www.loc.gov/standards/marcxml/schema/MARC21slim.xsd">
   <leader>00925njm 22002777a 4500</leader>
   <datafield ind2=" " ind1=" " tag="042">
      <subfield code="a">dc</subfield>
   </datafield>
   <datafield ind2=" " ind1=" " tag="720">
      <subfield code="a">Pérez Ràfols, Clara</subfield>
      <subfield code="e">author</subfield>
   </datafield>
   <datafield ind2=" " ind1=" " tag="720">
      <subfield code="a">Serrano i Plana, Núria</subfield>
      <subfield code="e">author</subfield>
   </datafield>
   <datafield ind2=" " ind1=" " tag="720">
      <subfield code="a">Díaz Cruz, José Manuel</subfield>
      <subfield code="e">author</subfield>
   </datafield>
   <datafield ind2=" " ind1=" " tag="720">
      <subfield code="a">Ariño Blasco, Cristina</subfield>
      <subfield code="e">author</subfield>
   </datafield>
   <datafield ind2=" " ind1=" " tag="720">
      <subfield code="a">Esteban i Cortada, Miquel</subfield>
      <subfield code="e">author</subfield>
   </datafield>
   <datafield ind2=" " ind1=" " tag="260">
      <subfield code="c">2019-01-29T15:56:46Z</subfield>
   </datafield>
   <datafield ind2=" " ind1=" " tag="260">
      <subfield code="c">2019-04-26T05:10:24Z</subfield>
   </datafield>
   <datafield ind2=" " ind1=" " tag="260">
      <subfield code="c">2017-04-26</subfield>
   </datafield>
   <datafield ind2=" " ind1=" " tag="260">
      <subfield code="c">2019-01-29T15:56:46Z</subfield>
   </datafield>
   <datafield ind2=" " ind1=" " tag="520">
      <subfield code="a">A voltammetric electronic tongue was constituted by four screen-printed modified electrodes: a carbon nanofiber modified electrode, an ex-situ antimony film electrode prepared from carbon nanofiber modified electrode, and two carbon nanofiber electrodes chemically modified withCys and GSH. The tongue was successfully applied to the analysis of a complex mixture of metal ions (4 analytes and 2 interferences) by differential pulse anodic stripping voltammetry. Each sensor was firstly studied for the determination of each metal separately confirming that all electrodes showed differentiated response for the metals. The obtained voltammetric signals provided by the sensor array were processed by Partial Least Squares regression (PLS) to resolve the overlapped nature of the obtained multimetal stripping measurements. This PLS model was built considering a hierarchical model in order to reduce the large amount of data. The method was applied to synthetic mixtures of Cd(II), Pb(II), Tl(I), and Bi(III) in the presence of Zn(II) and In(III) at the levels of μg L-1 and successfully validated with correlation coefficients of both calibration and prediction higher than 0.9 obtained from predicted vs. expected concentration graphs. Moreover, the simultaneous determination of Cd(II), Pb(II), Tl(I), and Bi(III) in the presence of Zn(II) and In(III) in a spiked tap water was also satisfactory achieved, providing comparable results to those obtained by ICP-MS.</subfield>
   </datafield>
   <datafield tag="653" ind2=" " ind1=" ">
      <subfield code="a">Voltametria</subfield>
   </datafield>
   <datafield tag="653" ind2=" " ind1=" ">
      <subfield code="a">Elèctrodes</subfield>
   </datafield>
   <datafield tag="653" ind2=" " ind1=" ">
      <subfield code="a">Metalls pesants</subfield>
   </datafield>
   <datafield tag="653" ind2=" " ind1=" ">
      <subfield code="a">Voltammetry</subfield>
   </datafield>
   <datafield tag="653" ind2=" " ind1=" ">
      <subfield code="a">Electrodes</subfield>
   </datafield>
   <datafield tag="653" ind2=" " ind1=" ">
      <subfield code="a">Heavy metals</subfield>
   </datafield>
   <datafield ind2="0" ind1="0" tag="245">
      <subfield code="a">A screen-printed voltammetric electronic tongue for the analysis of complex mixtures of metal ions</subfield>
   </datafield>
</record></metadata></record></GetRecord></OAI-PMH>